Normal view
MARC view
- Syed Hassaan Ahmed Bukhari
Entry Personal Name
001 - CONTROL NUMBER
- control field: 70320
003 - CONTROL NUMBER IDENTIFIER
- control field: NUST
005 - DATE AND TIME OF LATEST TRANSACTION
- control field: 20210628204429.0
008 - FIXED-LENGTH DATA ELEMENTS
- fixed length control field: 210628|| aca||aabn | a|a d
040 ## - CATALOGING SOURCE
- Original cataloging agency: NUST
- Transcribing agency: NUST
100 ## - HEADING--PERSONAL NAME
- Personal name: Syed Hassaan Ahmed Bukhari
670 ## - SOURCE DATA FOUND
- Source citation: Work cat.: (NUST): Syed Hassaan Ahmed Bukhari , TH-SOF-1448-Heart Rate Variability (HRV) Analysis for the Identification of Cardiac Arrhythmias, 2017
